000 00337nam a2200157Ia 4500
100 _aBasu/Ron/ Wright/J.N
942 _cBK
366 _f20
654 _asupply chain
245 _aTotal supply chain management
260 _bElsevier
_c2008
082 _a658.7
_bBAS
300 _a392
546 _aENGLISH
_cComputers
999 _c23025
_d23025